{"text_format":"3","workbook":"xlsx","n_sheets":1,"sheets":["Panorama"],"not_rendered":{"defined_names":1},"read":"whole","date_system":"1900"}

{"sheet":"Panorama","index":0,"n_rows":31,"n_cols":28,"rows_kept":31,"merged":[[0,1,1,26],[2,1,2,27],[4,1,5,1],[4,2,5,2],[4,3,5,3],[4,4,5,4],[4,5,5,5],[4,6,4,7],[4,8,5,8],[4,9,4,11],[4,12,4,18],[4,20,4,22],[4,23,4,27],[6,1,6,27],[7,1,12,1],[7,2,12,2],[7,3,12,3],[7,4,12,4],[7,5,12,5],[7,7,8,7],[9,7,12,7],[13,1,17,1],[13,2,17,2],[13,3,17,3],[13,4,14,4],[13,5,14,5],[13,7,14,7],[15,4,17,4],[15,5,17,5],[15,7,16,7],[18,1,21,1],[18,2,21,2],[18,3,21,3],[18,4,19,4],[18,5,19,5],[18,7,19,7],[20,4,21,4],[20,5,21,5],[20,7,21,7],[22,1,26,1],[22,2,26,2],[22,3,26,3],[22,4,26,4],[22,5,26,5],[25,7,26,7],[27,1,30,1],[27,2,30,2],[27,3,30,3],[27,4,28,4],[27,5,28,5],[27,7,28,7],[29,4,30,4],[29,7,30,7],[33,6,36,6],[37,6,39,6]]}
[]
[]
[null,"ANEXO 1.   MATRIZ DE PELIGROS PARA EL TRANSPORTE DE CARGA INTERNO EN LA EMPRESA MINA 2 LTDA"]
[]
[null,"P r o c e s o","Z o n a / L u g a r","A c t i v i d a d e s","T a r e a s","R u t i n a r i o ( Si / No)","P e l i g r o",null,"E f e c t o s  P o s i b l e s","Controles Existentes",null,null,"Evaluación   de    Riesgos",{"$nulls":6},"Valoración del Riesgo","Criterios para  Establecer Controles",null,null,"Medidas de Intervención"]
[{"$nulls":6},"Descripción","Clasificación",null,"Fuente","Medio","Individuo","Nivel de Deficiencia","Nivel de Exposición","Nivel de Probabilidad (NDxNE)","Interpretación del Nivel de Probabilidad","Nivel de Consecuencia","Nivel de Riesgo (NR) o Intervención","Interpretación del NR","Aceptabilidad del Riesgo","Numero de Expuestos","Peor Consecuencia","Existencia Requisito Legal Específico Asociado ( Si O No )","Eliminación ","Sustitución","Controles de Ingeniería","Controles Administrativos, Señalización, Advertencia","Equipos / Elementos de Protección Personal"]
[]
[null,null,"EN EL INTERIOR DE LA MINA","CARGUE","TRANSPORTE DEL CARBON DESDE EL FRENTE DE TRABAJO A LA VAGONETA","SI","Postura forzada, antigravitacional","BIOMECANICO","Cansancio, fatiga, lesiones osteomusculares","Ninguno","Ninguno","Ninguno",6,3,{"$f":"M8*N8","v":18},"A",25,{"$f":"O8*Q8","v":450},"II","Aceptable con controles especificos",8,"Lesion osteomuscular","SI",null,null,"Ampliacion de tuneles ajustandolos a la norma","Capacitaciones sobre posturas adecuadas y examenes medicos ocupacionales"]
[{"$nulls":6},"Sobre carga y esfuerzo fisico",null,"Cansancio, fatiga, lumbalgia mecánica, lesiones músculo esqueléticas en columna vertebral, monotonía","Ninguno","Ninguno","Ninguno",6,3,{"$f":"M9*N9","v":18},"A",25,{"$f":"O9*Q9","v":450},"II","Aceptable con controles especificos",8,"Lesiones músculo esqueléticas en columna vertebral","SI",{"$nulls":3},"Ajuste al perfil  ocupacional (acondicionamiento fisisco), adiestramiento, limite de cargas","Guantes de carnaza"]
[{"$nulls":6},"Manejo inadecuado de herramientas manuales","CONDICIONES DE SEGURIDAD","heridas, gopes, contuciones","Ninguno","Ninguno","Guantes, botas",6,3,{"$f":"M10*N10","v":18},"A",10,{"$f":"O10*Q10","v":180},"II","Aceptable con controles especificos",8,"Contuciones","SI",null,null,"Ampliacion de tuneles ajustandolos a la norma","Capacitacion en manipulacion y mantenimeinto de herramientas"]
[{"$nulls":6},"Trabajo en espacios confinados",null,"Niveles significativos de gases explosivos y toxicos, temperatura extrema.","Ampliacion de tuneles","Ninguno","Ninguno",6,4,24,"MA",10,240,"II","Aceptable con controles especificos",8,"Explosion por acumulacion de gases","SI",null,null,"Ampliacion de tuneles ajuste a  norma (altura  minima 1,8 m )"]
[{"$nulls":6},"Superficies lodosas, inclinadas con diferencia de nivel",null,"Cadidas, contuciones, heridas, golpes","Ninguno","Ninguno","Ninguno",6,3,18,"A",25,450,"II","Aceptable con controles especificos",8,"Fracturas por caidas","SI",null,null,"Adecuacion periodica de la superficie",null,"botas de caucho con puntera y suela antideslizante"]
[{"$nulls":6},"Derrumbes",null,"Atrapamientos, muerte, lesiones.","Ninguno","Ninguno","Ninguno",6,2,12,"A",100,1200,"I","No aceptable",8,"Muerte","SI",null,null,"Diseño y construccion de barreras y puertas",null,"Uso de casco"]
[null,"TRANSPORTE INTERNO DEL MINERAL","EN EL INTERIOR DE LA MINA","CARGUE","TRANSPORTE DEL CARBON DESDE EL FRENTE DE TRABAJO A LA VAGONETA","SI","Gases: CH4. CO2, CO","QUIMICO","Explosión de Metano, asfixia, muerte, dolores de cabeza, lesiones del sistema nervioso central, mareos, cefaleas, somnolencia y confusión mental","Ninguno","ventilacion y monitoreo de gases","Ninguno",2,1,2,"M",100,200,"II","Aceptable con controles especificos",8,"Muerte","SI",null,null,"Ajustar ventilacion teniendo en cuenta entrada y salida del aire","monitoreo de gases mas frecuentes ","Usar proteccion respiratoria"]
[{"$nulls":6},"Polvos",null,"Silicosis, tos, renitis, fatiga, fibrosis pulmonar, insuficiencia respiratoria. Explosión por polvos de carbón","Ninguno","Ninguno","Ninguno",6,3,18,"A",60,1080,"I","No aceptable",8,"insuficiencia repiratoria","SI",null,null,"Rociado de las vías de la mina con Agua.","Sensibilizacion en el uso de EPP","Mascarilla EN 149"]
[{"$nulls":4},"UBICACIÓN Y LLENADO DE VAGONETA","SI","Atropellamiento de la vagoneta (Locativo)","CONDICIONES DE SEGURIDAD","Fracturas, golpes, lesiones, muerte, por atropellamiento.","Ninguno","Ninguno","Ninguno",6,3,18,"A",100,1800,"I","No aceptable",2,"Muerte","SI",null,null,"Demarcar vagonerta con señalizacion fotoluminiscente, contruccion de salavidas ","señalizacion de salvavida"]
[{"$nulls":6},"Manejo inadecuado de herramientas manuales",null,"heridas, gopes, contuciones","Ninguno","Ninguno","Guantes, botas",6,3,{"$f":"M17*N17","v":18},"A",10,{"$f":"O17*Q17","v":180},"II","Aceptable con controles especificos",2,"Contuciones","SI",null,null,"Ampliacion de tuneles ajustandolos a la norma","Capacitacion en manipulacion y mantenimeinto de herramientas"]
[{"$nulls":6},"Postura forzada, antigravitacional","BIOMECANICO","Cansancio, fatiga, lesiones osteomusculares","Ninguno","Ninguno","Ninguno",6,3,18,"A",25,450,"II","Aceptable con controles especificos",2,"Lesion osteomuscular","SI",null,null,"Ampliacion de tuneles ajustandolos a la norma","Capacitaciones sobre posturas adecuadas y examenes medicos ocupacionales"]
[null,"TRANSPORTE INTERNO","EN EL INTERIOR DE LA MINA","CARGUE","UBICACIÓN Y LLENADO DE VAGONETA","SI","presencia de Gases: CH4 - CO2 - CO","QUIMICO","Explosión de Metano, asfixia, muerte, dolores de cabeza, lesiones del sistema nervioso central, mareos, cefaleas, somnolencia y confusión mental","Ninguno","ventilacion y monitoreo de gases","Ninguno",2,1,2,"M",100,200,"II","Aceptable con controles especificos",2,"Muerte","SI",null,null,"Ajustar ventilacion teniendo en cuenta entrada y salida del aire","monitoreo de gases mas frecuentes ","Usar proteccion respiratoria"]
[{"$nulls":6},"Polvos",null,"Silicosis, tos, renitis, fatiga, fibrosis pulmonar, insuficiencia respiratoria. Explosión por polvos de carbón","Ninguno","Ninguno","Ninguno",6,3,18,"A",60,1080,"I","No aceptable",2,"insuficiencia repiratoria","SI",null,null,"Rociado de las vías de la mina con Agua e instalación de barreras de polvo","Sensibilizacion en el uso de EPP","Mascarilla EN 149"]
[{"$nulls":4},"MANTENIMIENTO DE VIAS","NO","Atropellameinto de la vagoneta (Locativo)","CONDICIONES DE SEGURIDAD","Fracturas, golpes, lesiones, muerte, por atropellamiento.","Ninguno","Ninguno","Ninguno",6,2,12,"A",100,1200,"I","No aceptable",2,"Muerte","SI",null,null,"Demarcar vagonerta con señalizacion fotoluminiscente, contruccion de salavidas ","señalizacion de salvavida"]
[{"$nulls":6},"Conexiones eléctricas defectuosas",null,"Electrocución, quemaduras, lesiones","Ninguno","Ninguno","Ninguno",2,1,2,"M",25,50,"III","Aceptable",2,"Quemaduras","SI",null,null,"Utilizar cable encauchetado, mejorar instalaciones eléctricas internas,","Capacitacion en cuidados y riesgos electricos","casco dielectrico "]
[null,"TRANSPORTE INTERNO DEL MINERAL","EN LA SUPERFICIE (EXTERIOR)","DESCARGUE","OPERAR MALACATE","SI","Rompimiento de la guaya","CONDICIONES DE SEGURIDAD","Atrapamientos de miembros superiores e inferiores, fracturas amputaciones, lesiones músculo esqueléticas, cortaduras, mutilaciones","Ninguno","Ninguno","Ninguno",6,3,18,"A",100,1800,"I","No aceptable",1,"Muerte","SI",null,null,"fijar rodillos metalicos que eviten la friccion entre las palanca y la guaya"]
[{"$nulls":6},"Exposición a CO - CO2","QUIMICO","Irritación de tracto respiratorio, asfixia, quemaduras, fatiga,  edema pulmonar, intoxicación por humos de combustión","Ninguno","Ninguno","Ninguno",6,3,18,"A",10,{"$f":"O24*Q24","v":180},"II","Aceptable con controles especificos",1,"intoxicacion ",{"$nulls":3},"Ubicar sistema de aislamiento de humos de combustión"]
[{"$nulls":6},"Postura forzada, antigravitacional","BIOMECANICO","Cansancio, fatiga, lumbalgia mecánica, lesiones músculo esqueléticas en columna vertebral, monotonía","Ninguno","Ninguno","Ninguno",6,1,6,"M",10,60,"III","Aceptable",1,"Lesion osteomuscular","SI",null,null,"cambiar la silla del malacate","Capacitaciones sobre posturas adecuadas y examenes medicos ocupacionales"]
[{"$nulls":6},"Ruido producido por el motor","FISICO","Disminución progresiva de la audición un o bilateral, dificultad para la concentración.","Ninguno","Ninguno","Ninguno",6,3,18,"A",10,180,"II","Aceptable con controles especificos",1,"Disminucion progeresiva de la audicion","SI",null,null,"Mantenimiento preventivo de las máquinas. Aislar equipos y procesos ruidosos.",null,"Proteccion auditiva"]
[{"$nulls":6},"Vibración",null,"Adormecimiento de los dedos, lesiones de codo, hombro y muñeca dolor y dificultad de Movimiento. Generales Alteración del sistema digestivo y de la columna vertebral","Ninguno","Ninguno","Ninguno",2,3,6,"M",10,60,"III","Aceptable",1,"Alteraciones de la columna vertebral","SI",null,null,"Adecuacion de sillin, manijas y asas revestidas de material absorbente."]
[null,"TRANSPORTE INTERNO DEL MINERAL","EN LA SUPERFICIE (EXTERIOR)","DESCARGUE","REPALEO Y DESCARGUE DE ESTERIL","NO","Trabajo en alturas","CONDICIONES DE SEGURIDAD","fratura, leciones musculoesqueletica, cortaduras, golpes, muerte","Ninguno","Ninguno","Ninguno",10,2,20,"A",100,2000,"I","No aceptable",1,"Muerte","SI",null,null,"Colocacion de barandas","Cumplimiento a al norma 3673 de 2008","utilizacion de arnes, eslinga"]
[{"$nulls":6},"Manejo inadecuado de herramientas manuales",null,"heridas, gopes, contuciones","Ninguno","Ninguno","Guantes, botas",6,2,12,"A",10,120,"III","Aceptable",1,"Contuciones","SI",null,null,"diseño de un sistema mecanico para el descargue del material esteri","Capacitacion en manipulacion y mantenimeinto de herramientas"]
[{"$nulls":4},"MANTENIMIENTO MALACATE",null,"Manipulacion de combustible","QUIMICO","Irritación de tracto respiratorio, asfixia, quemaduras por explosión,  dermatitis por contacto, edema pulmonar, intoxicación aguda por vapores","Tapadas hermeticamente","Ninguno","Ninguno",6,1,6,"M",60,360,"II","Aceptable con controles especificos",1,"Quemaduras","SI",null,null,"Colocar estante de almacenamiento para ésta,  instalación de duchas para lavado de emergencia, y extintores","Capacitacion en manipulacion de combustibles y prevencion de incendios y explosiones","Guantes de carnaza y mascarilla"]
[{"$nulls":6},"Exposición a ácidos y a plomo de la bateria",null,"Quemaduras en la piel, mucosas y  vías aéreas superiores, dermatitis, intoxicaciones agudas o crónicas, tos, asma, alergias en la piel, dificultad respiratoria. Saturnismo","Ninguno","Ninguno","Ninguno",6,1,6,"M",25,150,"II","Aceptable con controles especificos",1,"Saturnismo","SI",{"$nulls":3},"capacitacion sobre guias adecuadas y seguras para trabajar con plomo ","utilizacion de guates, mascarilla "]